Library of the University of Algiers 3
Ibrahim Sultan Cheibout
شعار جامعة الجزائر 3
مكتبة جامعة الجزائر 3
إبراهيم سلطان شيبوط

الوجيز في شرح القانون التجاري : (رقم التسجيلة. 42705)

تفاصيل مارك
000 -LEADER
fixed length control field 01028nam a2200217Ia 4500
003 - CONTROL NUMBER IDENTIFIER
control field Ost
005 - DATE AND TIME OF LATEST TRANSACTION
control field 20260507075054.0
008 - FIXED-LENGTH DATA ELEMENTS--GENERAL INFORMATION
fixed length control field 260507s9999||||xx |||||||||||||| ||und||
040 ## - CATALOGING SOURCE
Transcribing agency fsecg
041 ## - LANGUAGE CODE
Language code of text/sound track or separate title ara
082 ## - DEWEY DECIMAL CLASSIFICATION NUMBER
Classification number 346.07565
100 ## - MAIN ENTRY--PERSONAL NAME
Personal name العكيلي، عزيز
Relator term مؤلف
245 #0 - TITLE STATEMENT
Title الوجيز في شرح القانون التجاري :
Remainder of title وفقا للخطة الدراسية لكليات الإدارة والإقتصاد في الجامعات الأردنية /
Statement of responsibility, etc. عزيز العكيلي
260 ## - PUBLICATION, DISTRIBUTION, ETC.
Place of publication, distribution, etc. عمان:
Name of publisher, distributor, etc. دار الثقافة للنشر والتوزيع;الدار العلمية الدولية للنشر والتوزيع,
Date of publication, distribution, etc. 2000
300 ## - PHYSICAL DESCRIPTION
Extent 384 صفحة؛
Dimensions 24 سم
490 ## - SERIES STATEMENT
Series statement المكتبة القانونية
Volume/sequential designation 351
520 ## - SUMMARY, ETC.
Summary, etc. الأعمال التجارية والتجار والمتجر والعقود التجارية، الشركات التجارية، الأوراق التجارية
653 ## - INDEX TERM--UNCONTROLLED
Uncontrolled term الأردن
653 ## - INDEX TERM--UNCONTROLLED
Uncontrolled term القانون التجاري
942 ## - ADDED ENTRY ELEMENTS (KOHA)
Koha item type كتب
المقتنيات
Withdrawn status Lost status Source of classification or shelving scheme Damaged status Not for loan Home library Current library Date acquired Serial enumeration / chronology Inventory number Total checkouts Full call number Barcode Date last seen Price effective from Koha item type
    Dewey Decimal Classification   NOT LOAN / إعارة داخلية مكتبة كلية العلوم الإقتصادية والعلوم التجارية وعلوم التسيير مكتبة كلية العلوم الإقتصادية والعلوم التجارية وعلوم التسيير 07/05/2026 الطابق الأرضي 668/1   أ/668ن1 668/1 07/05/2026 07/05/2026 كتب
    Dewey Decimal Classification   Available مكتبة كلية العلوم الإقتصادية والعلوم التجارية وعلوم التسيير مكتبة كلية العلوم الإقتصادية والعلوم التجارية وعلوم التسيير 07/05/2026 الطابق الثاني 668/2   أ/668ن2 668/2 07/05/2026 07/05/2026 كتب

موارد الويب المفتوحة


© University of Algiers 3 All Rights Reserved
|
Implemented by LECHELAH Riad